|
书名:
|
力和测量
|
|
|
作者:
|
|
|
出版信息:
|
北京
科学普及出版社
1979.10
|
|
开本页数:
|
19cm 
40页
|
|
丛书名:
|
|
|
单 册:
|
|
|
中图分类:
|
H3
|
|
科图分类:
|
|
|
主题词:
|
外语--常用
|
|
电子资源:
|
|
|
ISBN:
|
|
|
000
|
00434nam0 2200181 450
|
|
001
|
0656095015
|
|
005
|
20060227091013.10
|
|
010
|
|
@dCNY0.30
|
|
100
|
|
@a20060223d1979 km y0chiy0120 ea
|
|
101
|
0
|
@achi
|
|
102
|
|
@aCN@b110000
|
|
200
|
1
|
@a力和测量@Ali he ce liang
|
|
210
|
|
@a北京@c科学普及出版社@d1979.10
|
|
215
|
|
@a40页@d19cm
|
|
606
|
0
|
@a外语@x常用
|
|
690
|
|
@aH3@v3
|
|
801
|
0
|
@aCN@bNISOFT@c20060227
|
|
905
|
|
@a10447@dH3@e150
|
|
|
|
|
| |
| 力和测量.-北京:科学普及出版社,1979.10 |
| 40页;19cm |
| |
| |
| ISBN :CNY0.30 |
| |
| ● |
正题名:力和测量
索取号:H3/150
 
预约/预借
| 序号
|
登录号
|
条形码
|
馆藏地/架位号
|
状态
|
备注
|
|
1
|
41246
|
200412464
|
海科密-1楼/25架5列5层/
[索取号:H3/150]
|
在馆
|
|
|
2
|
41247
|
200412473
|
海科密-1楼/25架6列4层/
[索取号:H3/150]
|
在馆
|
|
|
3
|
66233
|
200662336
|
海科密-1楼/25架14列5层/
[索取号:H3/150]
|
在馆
|
|